| 000 | 00600nam a22001697a 4500 | ||
|---|---|---|---|
| 020 | _qHardcover. | ||
| 082 | _a620.1 | ||
| 100 | _aAhmad, Muhammad Saqib | ||
| 245 |
_aEFFECTS OF DIFFERENT PROFILES ON PERFORMANCE OF FRICTION STIR WELDING OF THIN ALUMINIUM SHEET _cMuhammad Saqib Ahmed. |
||
| 260 |
_aIslamabad: _bSMME - NUST, _c2017. |
||
| 300 |
_a59 p.: ill.; _c30cm. |
||
| 650 |
_aMS-Thesis. _918721 |
||
| 700 |
_aDr. Shahid Ikramullah Butt _916240 |
||
| 856 | _uhttp://10.250.8.41:8080/xmlui/handle/123456789/12994 | ||
| 942 |
_2ddc _cTHE |
||
| 999 |
_c529236 _d529236 |
||